Quizzes
Events
Quiz Creation
Community
Videos
Private Events
Remove Ads
Sign In
Join for FREE
Feedback
Dark Mode
Quiz Categories
Sports
Geography
Music
Movies
Television
Just For Fun
Miscellaneous
History
Literature
Language
Science
Gaming
Entertainment
Religion
Holiday
For Kids
Quiz Lab
Recent
Popular Today
Quiz Kudos Today
Editor Picks
Curator Picks
Quizzes by...
Day
Popularity
Type
Ratings
Length
Year
Community
Subscriptions
Recent Discussions
Orange Saloon
Badges
Playlists
Quests
Create
Leaderboards
Showdown
Live 5
Trivia Bingo
Activity
Puzzle Library
Sporcle Events
Private Events
Virtual Trivia
Globe League
Become a Host
Pub Owners
SporcleCon
Opinionation
Our Games
Videos
Blog
Mobile Apps
Partnerships
Remove Ads and Go Orange
Feedback
Language
Vocabulary
Begins and Ends
Definition
Spanish
French
German
Italian
Chinese
Latin
Translation
Japanese
Language
Vocabulary
Begins and Ends
Definition
Spanish
French
German
Italian
Chinese
Latin
Translation
Japanese
Random Quiz
Search Sporcle
×
Quiz Lab
Quiz Lab
Language
contraction
Type in answers that appear in a list
Type in answers that appear in a list
Classic
Best Score? Go Orange.
Contractions (grammar) Stats
Can you name the Contractions (grammar)?
By
drummerchic312
5m
44 Questions
2,884 Plays
2,884 Plays
2,884 Plays
Comments
Comments
Give Quiz Kudos
Give Quiz Kudos
-
- Ratings
hide this ad
Random Order
Randomize order of answers
Randomize order of answers
Replay
Link that replays current quiz
Next Quiz
Link to next quiz in quiz playlist
You Got
0%
They Got
Avg Score
83%
Avg Friend Score
Upgrade to see
Score Distribution
Jump to the score distribution portion of the page
Score
0/44
Timer
05:00
0
Plays Today
Base Words
Contraction
% Correct
is not
isn't
89.1%
I am
I'm
88.2%
I will
I'll
88.1%
are not
Aren't
88.1%
He will
He'll
87.5%
do not
Don't
87.3%
did not
Didn't
87.3%
would not
Wouldn't
87.3%
She will
She'll
87.1%
You are
You're
86.5%
was not
wasn't
86.5%
You will
You'll
86.3%
could not
Couldn't
86.3%
They will
They'll
86.2%
should not
shouldn't
86.1%
cannot
can't
86%
had not
hadn't
85.8%
does not
Doesn't
85.7%
They are
They're
85.3%
You have
You've
85%
I have
I've
85%
He is/
has
He's
84.5%
Base Words
Contraction
% Correct
That will
That'll
84.4%
She is/
has
She's
84.4%
There will
There'll
83.9%
They have
They've
83.5%
It will
It'll
83.4%
It is/
has
It's
83.3%
That is/
has
That's
82.7%
She had/
would
She'd
82.7%
need not
needn't
82.4%
I had/
would
I'd
82.3%
There is/
has
There's
82.2%
must not
mustn't
81.8%
let us
let's
81.6%
They had/
would
They'd
81.5%
You had/
would
You'd
81.5%
He had/
would
He'd
81.3%
will not
won't
79.9%
There had/
would
There'd
79.1%
It had/
would
It'd
78.5%
That had/
would
That'd
78.4%
shall not
shan't
68.5%
is/
are not (slang)
ain't
67.2%
Quiz Playlist
Details
Report
Send in Message
Add To Playlist
Classic:
Type in answers that appear in a list
Random Order:
Randomize order of answers
Last Updated: Feb 16, 2017
Quiz Scoreboard
CHALLENGE
Sign Up to Join the Scoreboard
Show All
Scores
Hide
Comments
May contain spoilers
Recently Published
One Thing in Common: World Cities II
by knightlancer
Geography
7m
Popular People in 1961
by mucciniale
History
6m
1-10 Letter E Words III
by El_Dandy
Language
2m
More to Explore
Quiz From the Vault
Featured Blog Post
Where Did the Easter Bunny Come From?
hide this ad
You Might Also Like...
Tags
base
contraction
grammar
Today's Top Quizzes in Language
Browse Language
hide this ad
Top Contributed Quizzes in Language
1
Order Up: Top 10 Most Native Spoken Languages
2
1-10 Letter F Words III
3
1-10 Letter G Words III
4
Hiragana Speed Reading
5
1-10 Letter H Words III
6
Vocabulary 5
7
One Thing in Common: Italy
8
1-10 Letter I Words III
9
Begins and Ends With AN
10
1-10 Letter J Words III
Explore More
Trending Topics
Anime
Marvel
Crossword
NBA
Harry Potter
Disney
Kpop
Soccer
WWE
Puzzle
Pokémon
The Office
NFL
Country
Song
hide this ad
More By:
drummerchic312
Quiz
Plays
Rating
Category
Featured
Created
Disney Characters (A-Z)
660,218
4.07
Movies
Dec 21, 2009
Disney Characters (A-Z) II
227,833
4.26
Movies
Jan 1, 2010
Mad Gab of Disney A-Z
3,168
3.15
Movies
Jan 3, 2010
Contractions (grammar)
2,884
3.40
Language
Nov 24, 2009
Random Grab Bag
2,610
2.95
Miscellaneous
Dec 9, 2009
Go to Creator's Profile
Score Distribution
Quiz Creator Spotlight
drummerchic312
Follow
Send a Message
Quizzes Created
-
Created Quiz Play Count
-
More By This Creator
Popular Quizzes Today
1
Find the US States - No Outlines Minefield
2
The Countries of the World
3
Popular People in 1961
4
Find the Countries of Europe - No Outlines Minefield
5
1-10 Letter E Words III
6
Find the US States
7
One Thing in Common: World Cities II
8
US States
More Language Quizzes
Starts with W, Ends with T
Published
Trending Quizzes
Country Music Stars Doing Things
Get the Picture: Carrie or Dolly
1-10 Letter F Words
1-10 Letter G Words
Risky Map Clicking: Next State Alphabetically
Recently Updated
Leaping Animals
pecheneg
Reality TV Shows (A-Z)
bhenderson79
Rickey Henderson's Hall of Fame Teammates
pecheneg
Champions League XIs: Arsenal
pecheneg
Quick Pick: Celebrities in WWE's Hall of Fame
aduchscher
A-Z Keypad Blitz II
pecheneg
Multiple Oscar Actors
pecheneg
Mystery Phrase Blitz: Oscar 'Best Actors'
pecheneg
F. Scott Fitzgerald Novels
LTH
Pick 3 Villains
ddd62291
Trending Topics
Kpop
Harry Potter
Anime
NBA
Marvel
Crossword
Disney
Puzzle
NFL
The Office
Song
Soccer
WWE
Country
Pokémon
Your Account Isn't Verified!
In order to create a playlist on Sporcle, you need to verify the email address you used during registration. Go to your
Sporcle Settings
to finish the process.
Report this User
Report this user for behavior that violates our
Community Guidelines
.
Details:
Send Report
Go to the Sporcle.com Mobile Site →
Comments